000 01954cam a2200397 i 4500
999 _c15178
_d15178
001 19038193
003 OSt
005 20191105094956.0
008 160331s2016 enk b 001 0 eng
010 _a 2016014404
020 _a9780470974827 (hardback)
020 _a9780470974810 (paper)
040 _aDLC
_beng
_cDLC
_erda
_dDLC
042 _apcc
050 0 0 _aBF697
_b.C554 2016
082 0 0 _a364.3
_223
084 _aPSY014000
_2bisacsh
245 0 0 _aCognitive self change :
_bhow offenders experience the world and what we can do about it /
_cJack Bush, Daryl M. Harris, and Richard J. Parker.
264 1 _bWiley-Blackwell,
300 _ax, 189 pages ;
_c25 cm
504 _aIncludes bibliographical references (pages 175-182) and index.
520 _a"This book draws on the latest literature to highlight a fundamental challenge in offender rehabilitation; it questions the ability of contemporary approaches to address this challenge, and proposes an alternative strategy of criminal justice that integrates control, opportunity, and autonomy"--
_cProvided by publisher.
650 0 _aSelf psychology.
650 0 _aSelf-disclosure.
650 0 _aForensic psychology.
650 0 _aCriminals
_xRehabilitation.
650 7 _aPSYCHOLOGY / Forensic Psychology.
_2bisacsh
700 1 _aBush, Jack,
_d1938-
_eeditor.
700 1 _aHarris, Daryl,
_d1968-
_eeditor.
700 1 _aParker, Richard,
_d1959-
_eeditor.
776 0 8 _iOnline version:
_tCognitive self change
_dHoboken : Wiley-Blackwell, 2016
_z9781119121428
_w(DLC) 2016019189
906 _a7
_bcbc
_corignew
_d1
_eecip
_f20
_gy-gencatlg
942 _2lcc
_cOS
_hBF697.C554